The causal powers of social change : the case of modern Greek society

Αποθηκεύτηκε σε:
Λεπτομέρειες βιβλιογραφικής εγγραφής
Κύριος συγγραφέας: Chalari, Athanasia, 1979-
Συγγραφή απο Οργανισμό/Αρχή: European Institute (London School of Economics and Political Science) Hellenic Observatory
Μορφή: Βιβλίο
Γλώσσα:English
Δημοσίευση: [London] : Hellenic Observatory, 2012
Σειρά:GreeSE Paper ; ; 64
Θέματα:
Ετικέτες: Προσθήκη ετικέτας
Δεν υπάρχουν, Καταχωρήστε ετικέτα πρώτοι!

MARC

LEADER 00000cam a2200000 i 4500
001 1/37620
008 131024s2012 eng d
035 |l 10115867 
040 |a GR-MY-UA  |b gre  |e aacr 
041 0 |a eng 
082 0 |a 306.349  |2 (22) 
100 1 |a Chalari, Athanasia,   |d 1979- 
245 1 4 |a The causal powers of social change : the case of modern Greek society /  |c Athanasia Chalari ; The Hellenic Observatory. The European Institute. The London School of Economics and Political Science 
260 |a [London] :   |b Hellenic Observatory,   |c 2012 
300 |a 41 σ.;  |c 21 εκ. 
490 1 |a GreeSE Paper  |v ; 64 
504 |a Βιβλιογραφία: σ. 38-41 
650 0 0 |a Social change  |z Greece. 
650 0 0 |a Recessions  |x History  |y 21st century. 
651 0 |a Greece  |x Social conditions. 
710 2 |a European Institute (London School of Economics and Political Science)  |b Hellenic Observatory. 
830 0 |a GreeSE Paper ;  |v ; 64 
852 |a INST  |b RHODES  |e 20131024  |h 306.349 CHA  |p 005400035718  |q 005400035718  |t BK  |y 0 
901 |a BIBL4-2013-3 
909 |a Ρ  |b 182229 
970 |z 2013/10/23